Application of the Jones Model for the Detection of Distortion of Accounting Data in a Selected Companies

Jedným z fenoménov, ktorý sa v súčasnosti stále viac týka podnikateľských subjektov, je skresľovanie účtovných údajov. V praxi sa totiž možno stretnúť s praktikami, ktoré smerujú k tomu, že vykazované údaje nezodpovedajú objektívnej realite. O to viac vzrastá význam využívania modelov, ktorými ic...

Descripción completa

Guardado en:
Detalles Bibliográficos
Autor principal: Hvastová, Jozefína, 1969-
Formato: Capítulo de libro
Lenguaje:inglés
Materias:
Etiquetas: Agregar Etiqueta
Sin Etiquetas, Sea el primero en etiquetar este registro!

MARC

LEADER 00000naa a2200000 4500
001 0292134
005 20240502074502.1
041 0 |a eng 
044 |a SK 
245 1 0 |a Application of the Jones Model for the Detection of Distortion of Accounting Data in a Selected Companies  |c Jozefína Hvastová 
520 |a Jedným z fenoménov, ktorý sa v súčasnosti stále viac týka podnikateľských subjektov, je skresľovanie účtovných údajov. V praxi sa totiž možno stretnúť s praktikami, ktoré smerujú k tomu, že vykazované údaje nezodpovedajú objektívnej realite. O to viac vzrastá význam využívania modelov, ktorými ich je možné identifikovať. Príspevok okrem stručného prehľadu vybraných kvantitatívnych metód detekcie skresľovania účtovných údajov poukazuje na možnosť ich využitia v slovenských podmienkach. Cieľom príspevku je aplikovať pôvodný Jones model v dvoch vybraných spoločnostiach rôznych veľkostných kategórií zo sektoru Veľkoobchod a tým identifikovať potenciálnu manipuláciu účtovných údajov. 
610 2 0 |a závierka účtovná 
610 2 0 |a účtovníctvo kreatívne 
610 2 0 |a modelovanie 
610 2 0 |a podnik 
100 1 |a Hvastová, Jozefína, 1969-